| Record ID | ia:modelsingeograph0000husa |
| Source | Internet Archive |
| Download MARC XML | https://archive.org/download/modelsingeograph0000husa/modelsingeograph0000husa_marc.xml |
| Download MARC binary | https://www.archive.org/download/modelsingeograph0000husa/modelsingeograph0000husa_meta.mrc |
LEADER: 00747cam a22002414a 4500
001 2007340573
003 DLC
005 20080403082844.0
008 070921s2007 ii ab b 001 0 eng
010 $a 2007340573
020 $a8131601358 (bound)
020 $a8131601366 (pbk.)
025 $aI-E-2007-340573; 65-13
037 $bLibrary of Congress -- New Delhi Overseas Office$cRs750.00
040 $aDLC$cDLC
042 $alcode
050 00 $aGF21$b.H884 2007
100 1 $aHusain, Majid,$d1938-
245 10 $aModels in geography /$cMajid Husain.
260 $aJaipur :$bRawat Publications,$cc2007.
300 $axvi, 346 p. :$bill., maps ;$c25 cm.
504 $aIncludes bibliographical references and index.
650 0 $aHuman geography$xMethodology.